000 01069cam a2200313 a 4500
001 991502
003 OSt
005 20220510130104.0
008 860911s1987 ilua b 001 0 eng
010 _a 86082595
020 _a0256036640
040 _aDLC
_cHU
_dDLC
050 0 0 _aQA276.12
_b.P44 1987
082 0 0 _a519.5
_219
100 1 _aPfaffenberger, Roger C.,
_d1943-
_936818
245 1 0 _aStatistical methods for business and economics /
_cRoger C. Pfaffenberger, James H. Patterson.
250 _a3rd ed.
260 _aHomewood, Ill. :
_bIrwin,
_c1987.
300 _axiv, 1246 p. :
_bill. ;
_c24 cm.
440 4 _aThe Irwin series in quantitative analysis for business
_912240
504 _aIncludes bibliographies and index.
650 0 _aStatistics.
_93053
650 0 _aSocial sciences
_xStatistical methods.
_93177
650 0 _aCommercial statistics.
_97160
650 0 _aEconomics
_xStatistical methods.
_97161
700 1 _aPatterson, James Herbert,
_d1943-
_936819
906 _a7
_bcbc
_corignew
_d3
_eopcn
_f19
_gy-gencatlg
942 _2ddc
_cBOOKS
_n0
999 _c35400
_d35400